| 000 | 00739aam a2200301 4500 | ||
|---|---|---|---|
| 005 | 20240531154957.0 | ||
| 008 | 150324b xxu||||| |||| 00| 0 spa d | ||
| 020 | _a9789682433818 | ||
| 041 | _aESP | ||
| 082 | _a577.88 E64d | ||
| 100 |
_aEquihua Zamora, Miguel _931794 |
||
| 100 |
_aBenítez Badillo, Griselda _931795 |
||
| 245 | _aDinámica de las comunidades ecológicas | ||
| 260 | _aMéxico | ||
| 260 | _bTrillas | ||
| 260 | _c2013 | ||
| 300 | _a120 páginas | ||
| 440 | _aEl universo de la Biología | ||
| 650 | _aECOLOGÍA | ||
| 650 | _aENERGÍA | ||
| 650 | _aECOSISTEMAS | ||
| 650 | _aMEDIO AMBIENTE | ||
| 650 | _aCLIMA | ||
| 650 | _aPOBLACIONES | ||
| 650 | _aCOMUNIDADES | ||
| 942 |
_cBK _2ddc |
||
| 999 |
_c4136 _d4136 |
||